Statistics for Currencies of Africa Map Quiz

Click here to take the quiz!

General Stats

  • This quiz has been taken 19 times
  • The average score is 14 of 25

Answers on the Map

Answers color-coded by a green-red scale on the quiz's map according to % correct below.
 

Answer Stats

Answer% Correct
Dinar
91%
Franc
82%
Rand
73%
Escudo
64%
Gold
64%
Leone
64%
Lilangeni
64%
Ariary
55%
Dirham
55%
Kwacha
55%
Kwanza
55%
Metical
55%
Naira
55%
Pound
55%
Shilling
55%
Birr
45%
Cedi
45%
Dobra
45%
Dollar
45%
Loti
45%
Nakfa
45%
Pula
45%
Rupee
45%
Dalasi
36%
Ouguiya
36%

Score Distribution

Percentile by Number Answered

Percent of People with Each Score

Your Score History

You have not taken this quiz